Pays commençant par la lettre R - Carte Quiz - Statistiques

Statistiques générales
  • Ce quiz a été pris 536 fois
  • Le résultat moyen est 8 sur 9
Réponses sur la Carte
Les réponses sont colorées sur une échelle allant du rouge au vert en fonction du pourcentage des utilisateurs qui les ont devinées à leur premier essai. Vous pouvez retrouver ces pourcentages ci-dessous.
 
Statistiques - réponses
Pays % Correct
Russie
99%
Roumanie
98%
Royaume-Uni
97%
Rwanda
95%
République démocratique du Congo
91%
République tchèque
89%
République du Congo
85%
République dominicaine
81%
République centrafricaine
74%
Aucun quiz correspondant
Distribution des résultats
% des personnes avec chaque résultat
Percentile par nombre de réponses
Votre historique - résultats
Vous n’avez pas pris ce quiz